Cost Accounting,; A Managerial Emphasis. (Record no. 4911)
[ view plain ]
| 005 - DATE AND TIME OF LATEST TRANSACTION | |
|---|---|
| control field | 20250625060547.0 |
| 020 ## - INTERNATIONAL STANDARD BOOK NUMBER | |
| International Standard Book Number | 0-13-196852-1 |
| 082 ## - DEWEY DECIMAL CLASSIFICATION NUMBER | |
| Classification number | 657.42HOR. |
| 100 ## - MAIN ENTRY--PERSONAL NAME | |
| Author name | HORNGREN, C.T. |
| 245 ## - TITLE STATEMENT | |
| Title | Cost Accounting,; A Managerial Emphasis. |
| 250 ## - EDITION STATEMENT | |
| Edition statement | 25th Ed, |
| 260 ## - PUBLICATION, DISTRIBUTION, ETC. | |
| Place of publication, distribution, etc. | New York, |
| Name of publisher, distributor, etc. | Printice Hall, |
| Date of publication, distribution, etc. | 2006. |
| 300 ## - PHYSICAL DESCRIPTION | |
| Extent | xxviii,820p,; ill,table,figure,picture, |
| Other physical details | Appendix, Glossary, Index, |
| Dimensions | 27cm. |
| 700 ## - ADDED ENTRY--PERSONAL NAME | |
| Other authors/Editors | DATAR, S.M., FOSTER, G. |
| 942 ## - ADDED ENTRY ELEMENTS (KOHA) | |
| Source of classification or shelving scheme | Dewey Decimal Classification |
| Koha item type | Books |
No items available.
